{"text_format":"3","workbook":"xlsx","n_sheets":1,"sheets":["Hoja1"],"read":"whole","date_system":"1900"}

{"sheet":"Hoja1","index":0,"n_rows":119,"n_cols":8,"rows_kept":119,"merged":[[0,0,0,7],[1,0,1,7],[2,0,2,7]]}
["Hospital General De Especialidades Dr. Mario Tolentino Dipp"]
["Inventario - Despensa"]
["AL 31 DICIEMBRE 2025"]
[]
["Fecha","Fecha","Codigo "]
["de aquisicion","Registro","Institucional","Descripción","Existencia","Unidad","Costo","Total"]
["2025-09-29","2025-09-30","DESPENSA","ACEITE  7.37 LITROS",20,"UD",1231,{"$f":"E7*G7","v":24620}]
["2025-09-29","2025-09-30","DESPENSA","ACEITE DE OLIVA EXT VIRG 5 LIT",0,"UD",5355,0]
["2025-09-29","2025-09-30","DESPENSA","ACEITUNA",24,"UD",86.8,{"v":2083,"d":"2,083"}]
["2025-09-29","2025-09-30","DESPENSA","ALCAPARRA",12,"UD",86.8,{"v":1041,"d":"1,041"}]
["2025-09-29","2025-09-30","DESPENSA","ACEITE LATA 30 LIBRAS",0,"UD",0,0]
["2025-09-29","2025-09-30","DESPENSA","AJI CUBANELA",18,"LB",55,990]
["2025-09-29","2025-09-30","DESPENSA","AJI MORRON",12,"LB",83,996]
["2025-09-29","2025-09-30","DESPENSA","AJO EN GRANO",72,"LB",101,7272]
["2025-09-29","2025-09-30","DESPENSA","ANIS DULCE  ",22,"LB",300,6600]
["2025-09-29","2025-09-30","DESPENSA","ANIS ESTRELLA  ",4,"LB",300,1200]
["2025-09-29","2025-09-30","DESPENSA","APIO",5,"LB",60,300]
["2025-09-29","2025-09-30","DESPENSA","ARENQUE",54,"LB",180,{"$f":"E18*G18","v":9720}]
["2025-09-29","2025-09-30","DESPENSA","ARROZ  ",150,"LB",40,6000]
["2025-09-29","2025-09-30","DESPENSA","ARVEJAS",0,"LB",0,0]
["2025-09-29","2025-09-30","DESPENSA","AUYAMA",208,"LB",35,7280]
["2025-09-29","2025-09-30","DESPENSA","AVENA INST FUNDAS 618 GR",0,"UD",140,0]
["2025-09-29","2025-09-30","DESPENSA","AZUCAR CREMA",375,"LB",35,13125]
["2025-09-29","2025-09-30","DESPENSA","AVENA A GRANEL",25,"LB",45,1125]
["2025-09-29","2025-09-30","DESPENSA","AZUCAR REFINA ",0,"LB",39.56,{"$f":"E25*G25","v":0}]
["2025-09-29","2025-09-30","DESPENSA","BACALAO ",32,"LB",148.2,4742.4]
["2025-09-29","2025-09-30","DESPENSA","BERENJENA",0,"LB",30,0]
["2025-09-29","2025-09-30","DESPENSA","CAFÉ MOLIDO  ",328.66,"UD",270,88738.20000000001]
["2025-09-29","2025-09-30","DESPRNSA","CALDO DE POLLO CON TOMATE CAJA 12/1",660,"UD",7.42,4897.2]
["2025-09-29","2025-09-30","DESPENSA","CALDO DE POLLO CAJA 12/1 ",511,"UD",7.42,3791.62]
["2025-09-29","2025-09-30","DESPENSA","CANELA ENTERA  ",16,"LB",540,8640]
["2025-09-29","2025-09-30","DESPENSA","CANELA MOLIDA ",0,"LB",350,0]
["2025-09-29","2025-09-30","DESPENSA","CARNE DE CERDO",0,"LB",118.94,0]
["2025-09-29","2025-09-30","DESPENSA","CARNE DE POLLO ",312,"LB",83.7,26114.4]
["2025-09-29","2025-09-30","DESPENSA","CARNE DE RES # 7",225,"LB",164.5,37012.5]
["2025-09-29","2025-09-30","DESPENSA","CEBOLLA ROJA",50,"LB",60,3000]
["2025-09-29","2025-09-30","DESPENSA","CHINOLA",40,"UD",29,1160]
["2025-09-29","2025-09-30","DESPENSA","CHULETA ",360,"LB",200,72000]
["2025-09-29","2025-09-30","DESPENSA","CILANTRO ANCHO",5,"LB",75,375]
["2025-09-29","2025-09-30","DESPENSA","CLAVO DULCE  ",16.5,"LB",280,4620]
["2025-09-29","2025-09-30","DESPENSA","CODITOS",63,"LD",45,2835]
["2025-09-29","2025-09-30","DESPENSA","COCOA EN POLVO 2LB",76,"UD",408.45,31042.2]
["2025-09-29","2025-09-30","DESPENSA","ESPIRALES  (350 GR)",0,"UD",45.56,0]
["2025-09-29","2025-09-30","DESPENSA","FIDEOS FINOS  (1 LB)",87,"UD",35,3045]
["2025-09-29","2025-09-30","DESPENSA","FLOR DE TILO",3,"LB",1055,3165]
["2025-09-29","2025-09-30","DESPENSA","GALLETA DE SODA CAJA 20/1",220,"UD",207.63,45678.6]
["2025-09-29","2025-09-30","DESPENSA","GELATINA ",0,"UD",20,0]
["2025-09-29","2025-09-30","DESPENSA","GUANDULES VERDES ",0,"LB",0,0]
["2025-09-29","2025-09-30","DESPENSA","GUANDULES VERDES LATA 15 OZ",0,"UD",84.11,0]
["2025-09-29","2025-09-30","DESPENSA","GUANDULES VERDES LATA 6.10LB",0,"UD",587.16,0]
["2025-09-29","2025-09-30","DESPENSA","GUINEO MADURO",150,"UD",7,1050]
["2025-09-29","2025-09-30","DESPENSA","GUINEOS VERDES",1325,"UD",7,{"$f":"E52*G52","v":9275}]
["2025-09-29","2025-09-30","DESPENSA","HABICHUELA ENLATADA",0,"UD",0,0]
["2025-09-29","2025-09-30","DESPENSA","HABICHUELAS BLANCAS ",0,"LB",0,0]
["2025-09-29","2025-09-30","DESPENSA","HABICHUELAS GIRAS ",203,"LB",65,13195]
["2025-09-29","2025-09-30","DESPENSA","HABICHUELAS JACOMELO ",107,"LB",66.11,7073.7699999999995]
["2025-09-29","2025-09-30","DESPENSA","HABICHUELAS NEGRAS ",215,"LB",65,13975]
["2025-09-29","2025-09-30","DESPENSA","HABICHUELAS ROJAS ",0,"LB",null,0]
["2025-09-29","2025-09-30","DESPENSA","HARINA DE MAIZ 397 GR",116,"UD",24.64,2858.2400000000002]
["2025-09-29","2025-09-30","DESPENSA","HOJA DE LAUREL ",9.5,"LB",550,5225]
["2025-09-29","2025-09-30","DESPENSA","HUEVOS ",{"v":1620,"d":"1,620"},"UD",7.67,12425.4]
["2025-09-29","2025-09-30","DESPENSA","JAMON PECHUGA DE PAVO ",0,"LB",337.9,0]
["2025-09-29","2025-09-30","DESPENSA","JENGIBRE",0,"LB",270,0]
["2025-09-29","2025-09-30","DESPENSA","JUGOS 1LT",0,"UD",83.33,0]
["2025-09-29","2025-09-30","DESPENSA","JUGOS 200ML",0,"UD",16.04,0]
["2025-09-29","2025-09-30","DESPENSA","LECHE BLANCA DESCREMADA 1 LT",50,"UD",142.37,7118.5]
["2025-09-29","2025-09-30","DESPENSA","LECHE BLANCA ENTERA 1LT",102,"UD",82.62,8427.24]
["2025-09-29","2025-09-30","DESPENSA","LECHE EVAPORADA 312GR",48,"UD",74,3552]
["2025-09-29","2025-09-30","DESPENSA","LECHOSA",18,"LB",37,666]
["2025-09-29","2025-09-30","DESPENSA","LECHE SEMI DESCREMADA ",0,"UD",95,0]
["2025-09-29","2025-09-30","DESPENSA","LENTEJAS ",60,"LB",65,{"$f":"E71*G71","v":3900}]
["2025-09-29","2025-09-30","DESPENSA","LIMON",17,"LB",92,1564]
["2025-09-29","2025-09-30","DESPENSA","MAIZENA 425GR",0,"UD",115,0]
["2025-09-29","2025-09-30","DESPENSA","MALAGUETA",13,"LB",350,4550]
["2025-09-29","2025-09-30","DESPENSA","MANTEQUILLA TARRO 5LB",55,"UD",950,52250]
["2025-09-29","2025-09-30","DESPENSA","MAIZ EN LATA DE 6.10LB",47,"UD",439.3,20647.100000000002]
["2025-09-29","2025-09-30","DESPENSA","MANZANILLA ",195,"LB",445,86775]
["2025-09-29","2025-09-30","DESPENSA","MARGARINA TARRO 5LB",0,"UD",550,0]
["2025-09-29","2025-09-30","DESPENSA","MAYONESA GALON",0,"UD",794.49,0]
["2025-09-29","2025-09-30","DESPENSA","MELON",10,"LIB",42,420]
["2025-09-29","2025-09-30","DESPENSA","NARANJA AGRIA ",0,"UD",30,0]
["2025-09-29","2025-09-30","DESPENSA","OREGANO MOLIDO",9.5,"LB",225,2137.5]
["2025-09-29","2025-09-30","DESPENSA","OREGANO ENTERO ",15,"LB ",336,5040]
["2025-09-29","2025-09-30","DESPENSA","PAN BLANCO VIGAS",40,"UD",268,10720]
["2025-09-29","2025-09-30","DESPENSA","PAN INTEGRAL VIGAS",36,"UD",294,10584]
["2025-09-29","2025-09-30","DESPENSA","PAPA ",190,"LB",38,7220]
["2025-09-29","2025-09-30","DESPENSA","PASTA DE TOMATE 7LB",23,"UD",493,11339]
["2025-09-29","2025-09-30","DESPENSA","PIMIENTA NEGRA ENTERA",1,"LB",1100,1100]
["2025-09-29","2025-09-30","DESPENSA","PIMIENTA MOLIDA ",0,"LB",1000,0]
["2025-09-29","2025-09-30","DESPENSA","PIÑA",13,"LIB",93,{"$f":"E90*G90","v":1209}]
["2025-09-29","2025-09-30","DESPENSA","PLATANOS  VERDES",196,"UD",35,6860]
["2025-09-29","2025-09-30","DESPENSA","QUESO AMARILLO CHEEDAR ",20,"LB",185,3700]
["2025-09-29","2025-09-30","DESPENSA","QUESO BLANCO DE FREIR",15,"LB",90,1350]
["2025-09-29","2025-09-30","DESPENSA","QUESO CREMA",5,"LB",276.4,1382]
["2025-09-29","2025-09-30","DESPENSA","SAL MOLIDA ",320,"LB",8.82,2822.4]
["2025-09-29","2025-09-30","DESPENSA","SAL MOLIDA TARRO DE 5 LB",0,"UD",44.09,0]
["2025-09-29","2025-09-30","DESPENSA","SALAMI ",40,"LB",131.52,5260.8]
["2025-09-29","2025-09-30","DESPENSA","SALSA CHINA GALON",16,"UD",80,1280]
["2025-09-29","2025-09-30","DESPENSA","SALSA INGLESA GALON",0,"UD",0,0]
["2025-09-29","2025-09-30","DESPENSA","SALCHICHAS DE DESAYUNO 16 GR",0,"UD",400,0]
["2025-09-29","2025-09-30","DESPENSA","SANDIA",0,"LB",54,0]
["2025-09-29","2025-09-30","DESPENSA","SAZON CON COLOR ( AZAFRAN) ",0,"UD",70,0]
["2025-09-29","2025-09-30","DESPENSA","SAZON COMPLETO",49,"UD",67,{"$f":"E103*G103","v":3283}]
["2025-09-29","2025-09-30","DESPENSA","TAYOTA",0,"LB",35,0]
["2025-09-29","2025-09-30","DESPENSA","TOMATE BARCELO",15,"LB",30,450]
["2025-09-29","2025-09-30","DESPENSA","TOMATE BUGALU",42,"LB",45,1890]
["2025-09-29","2025-09-30","DESPENSA","TOMATE CHINOS",5,"LB",45,225]
["2025-09-29","2025-09-30","DESPENSA","TRIGO",0,"LB",55.2,0]
["2025-09-29","2025-09-30","DESPENSA","TUNA - ATUN",0,"UD",66.09,0]
["2025-09-29","2025-09-30","DESPENSA","VERDURA",5,"LB",75,375]
["2025-09-29","2025-09-30",null,"VINAGRE GALON",3,"UD",87.75,263.25]
["2025-09-29","2025-09-30","DESPENSA","VINAGRE BLANCO GALON ",3,"UD",87.75,263.25]
["2025-09-29","2025-09-30","DESPENSA","YAUTIA COCO",0,"LB",65,0]
["2025-09-29","2025-09-30","DESPENSA","YOGOURT 8 oz NATURAL ",0,"UD",37.81,0]
["2025-09-29","2025-09-30","DESPENSA","YUCA",10,"LB",23,230]
["2025-09-29","2025-09-30","DESPENSA","ZANAHORIA",20,"LB",45,900]
[{"$nulls":4},0]
[]
["Total",{"$nulls":3},{"$f":"SUM(E7:E118)","v":9458.16},null,{"$f":"SUM(G7:G118)","v":24815.15000000001},{"$f":"SUM(H7:H118)","v":758040.5700000001}]